Cycliste italien 2026 - Statistiques

Statistiques générales
  • Ce quiz a été pris 8 fois
  • Le résultat moyen est 18 sur 63
Statistiques - réponses
Équipe Coureur % Correct
Ineos Ganna
88%
Groupama Milan
75%
Lidl trek Milan
75%
Bora Pellizzari
75%
Soudal Zana
75%
Lidl trek Ciccone
63%
Astana Scaroni
63%
Visma Affini
50%
EF Albanese
50%
Bahrain Caruso
50%
Jayco Covi
50%
Astana Fortunato
50%
NSM Frigo
50%
Bahrain Tiberi
50%
Alpecin Vergallito
50%
Bahrain Zambanini
50%
Jayco Conca
38%
Lidl trek Consonni
38%
Soudal Dainese
38%
Movistar Formolo
38%
Movistar Milesi
38%
Bora Moscon
38%
Visma Piganzoli
38%
Lidl trek Sobrero
38%
Tudor Trentin
38%
Astana Ulissi
38%
Astana Velasco
38%
Bora Aleotti
25%
Astana Ballerini
25%
Astana Bettiol
25%
Bora Cattaneo
25%
Astana Conci
25%
Soudal Garofoli
25%
Groupama Germani
25%
Astana Malucelli
25%
Soudal Raccagni
25%
Jayco Vendrame
25%
EF Agostinacchio
13%
Lidl trek Bagioli
13%
EF Battistella
13%
Bahrain Bruttomesso
13%
Alpecin Busatto
13%
Jayco De pretto
13%
Picnic Gaffuri
13%
Lotto Gualdi
13%
Movistar Moro
13%
Lidl trek Mosca
13%
Tudor Mozzato
13%
NSM Pinarello
13%
Lotto Rota
13%
Bahrain Skerl
13%
UAE Baroncini
0%
Bahrain Borgo
0%
Q36.5 Calzoni
0%
Visma Fiorelli
0%
Astana Kajamini
0%
Visma Mattio
0%
Unibet Meris
0%
Q36.5 Moschetti
0%
Q36.5 Parisini
0%
Astana Romele
0%
Astana Toneatti
0%
COFIDIS Zamperini
0%
Aucun quiz correspondant
Distribution des résultats
% des personnes avec chaque résultat
Percentile par nombre de réponses
Votre historique - résultats
Vous n’avez pas pris ce quiz